Library and Librarianship in India / (Record no. 63224)

MARC details
000 -LEADER
fixed length control field 00480nam a22001577a 4500
005 - DATE AND TIME OF LATEST TRANSACTION
control field 20180823144105.0
020 ## - INTERNATIONAL STANDARD BOOK NUMBER
International Standard Book Number 0313294232
Terms of availability 995.00
035 ## - SYSTEM CONTROL NUMBER
System control number B-129276, B-129275, B-129278
037 ## - SOURCE OF ACQUISITION
Stock number DPL
Source of stock number/acquisition ENG
100 ## - MAIN ENTRY--PERSONAL NAME
Personal name Patel, Jashu
245 ## - TITLE STATEMENT
Title Library and Librarianship in India /
Statement of responsibility, etc by Jashu Patel and Krishan Kumar
260 ## - PUBLICATION, DISTRIBUTION, ETC. (IMPRINT)
Place of publication, distribution, etc London
Name of publisher, distributor, etc Greenwood Press
Date of publication, distribution, etc 2004
300 ## - PHYSICAL DESCRIPTION
Extent vii, 270p.
Dimensions 20 cms.
700 ## - ADDED ENTRY--PERSONAL NAME
Personal name Kumar, Krishan
9 (RLIN) 42617
942 ## - ADDED ENTRY ELEMENTS (KOHA)
Source of classification or shelving scheme Dewey Decimal Classification
Item type English Books
Classification part 020
Call number suffix PAT
Holdings
Withdrawn status Lost status Not for loan Collection code Home library Current library Date acquired Cost, normal purchase price Full call number Barcode Cost, replacement price Koha item type Source of acquisition
      Non-fiction Patel Nagar Patel Nagar 03/08/2018 995.00 020 PAT B-129275 995.00 English Books BPPD/PUB
      Non-fiction Sarojini Nagar Sarojini Nagar 18/02/2012 995.00 020 PAT B-129276 995.00 English Books  
      Non-fiction Shahdara Branch Shahdara Branch 23/08/2018 995.00 020 PAT B-129278 995.00 English Books BPPD/PUB

© Delhi Public Library
Hit Counter
free hit counter